00306pab a2200121 454500008004000000100001600040245003000056260000900086300001000095362001400105650001800119773004700137180718b1983 xxu||||| |||| 00| 0 eng d aJoshi, P.N. aBanking scene during 1982 c1983 a18-27 aJan.-Mar. aBanks - India aJournal of the Indian Institute of Bankers